Le plus grande ville commençant par D dans ce pays - Statistiques

Statistiques générales
  • Ce quiz a été pris 259 fois
    240 depuis la dernière actualisation
  • Le résultat moyen est 12 sur 24
Statistiques - réponses
Pays D-ville % Correct
Irlande Dublin
91%
Senegal Dakar
89%
Djibouti Djibouti
88%
Syrie Damas
84%
Bangladesh Dacca
83%
Tanzanie Dar es Salaam
73%
Allemagne Düsseldorf
73%
États-Unis Dallas
68%
Inde Delhi
65%
France Dijon
64%
Afrique du Sud Durban
59%
Ukraine Donetsk
57%
Soudan du Sud Djouba
54%
Cameroun Douala
48%
Australie Darwin
41%
Arabie saoudite Djeddah
39%
Corée du Sud Daegu
31%
Hongrie Debrecen
29%
Vietnam Da Nang
23%
Nouvelle-zelande Dunedin
21%
Chine Dalian
20%
Philippines Davao
16%
Ethiopie Dire Dawa
8%
Brésil Duque de Caxias
8%
Aucun quiz correspondant
Distribution des résultats
% des personnes avec chaque résultat
Percentile par nombre de réponses
Votre historique - résultats
Vous n’avez pas pris ce quiz depuis la dernière actualisation